000
00372nam a2200181Ia 4500
100
_a
Rajput/R.K
650
_a
Thermal engineering
250
_a
7
942
_c
BK
366
_f
10
654
_a
thermal
245
_a
Thermal Engineering
260
_b
Laxmi publications
_c
2009
082
_a
621.402/RAJ
_b
RAJ
300
_a
1679
546
_a
ENGLISH
999
_c
34322
_d
34322